15 sponsors redbull racing(2024) - Statistics

General Stats
  • This quiz has been taken 32 times
  • The average score is 5 of 15
Answer Stats
Hint Answer % Correct
A Japanese manufacturer of automobiles, motorcycles and power equipment honda
83%
Software company oracle
79%
tire brand pirelli
69%
payment card services corporation visa
66%
Swiss watch manufacturer and brand tag heuer
62%
Synthetic engine oil mobil 1
45%
Cryptocurrency futures exchange bybit
38%
supermarket walmart
21%
fashion brand alpha tauri
17%
American telecom company AT&T
14%
petrol Esso Synergy
7%
beer brand heiniken
7%
market leader in telecommunications services in Latin America. América Móvil
3%
luxury performance footwear brand APL
3%
headwear new era
3%
No matching quizzes found
Score Distribution
Percent of People with Each Score
Percentile by Number Answered
Your Score History
You have not taken this quiz